00545nam a2200169 4500003001100000005001700011008004100028020001500069040003900084041000800123082001600131100002800147245009900175260004000274300002400314650003700338LK-CoMWRAF20231207121951.0231125b2002 |||||||| |||| 00| 0 eng d a955915124X aLK-CoMWRAFdLK-CoMWRAFeLK-CoMWRAF aeng a348.04bHUS aHussain, M. S. Mohammed aHussain's complete digest of case law of Sri Lanka : 1820-2000, bVol-11 Examinations to Hindu aKandy : bArafa (Pvt.) Ltd., c2002 axxiv, 633 p.; 26 cm aLaw reports, digests, -Sri Lanka